Culture générale ! Une image... Un des... (10) - Statistiques

Statistiques générales
  • Ce quiz a été pris 109 fois
  • Le résultat moyen est 7 sur 20
Statistiques - réponses
Par images Hint Réponse % Correct
peintres espagnols Salvador Dali
81%
planètes du système solaire Neptune
77%
chanteurs français Eddy Mitchell
71%
sorte de pâtes Farfalle | Papillon
68%
pays d'Afrique Ethiopie
53%
signes d'air verseau
51%
fleurs à bulbe jonquille
47%
gares de Paris Lyon
47%
trophées du sport bouclier de Brennus
40%
clubs de football européen (ville) Belgrade
35%
coquillages Bulot
33%
albums d'Asterix (titre) La Zizanie
31%
types de maisons locales (région historique) Alsace
24%
chateaux de la Loire Angers
21%
peintres franco-russe Marc Chagall
15%
Races de cheval arabe
12%
astronautes français Jean-Loup Chrétien
12%
ruines romaines en Europe (pays) Allemagne
7%
des couronnes (titre) marquis
2%
sortes de verre Gobelet
1%
Aucun quiz correspondant
Distribution des résultats
% des personnes avec chaque résultat
Percentile par nombre de réponses
Votre historique - résultats
Vous n’avez pas pris ce quiz